000 02936cam a22006374i 4500
003 PE-LiUPU
005 20250731170451.0
008 150706s2009 mx a rb 000 0 spa d
020 _a6071702925
020 _a9786071702920
035 _a(Sirsi) i9786071702920
040 _aPE-LiUPU
_bspa
_cPE-LiUPU
_dPE-LiUPU
_erda
049 _aPRUA
082 0 4 _a150.72
_bG25
_221
100 1 _aGarcía Cadena, Cirilo H.,
_eautor.
245 1 0 _aCómo investigar en psicología /
_cCirilo H. García Cadena.
264 1 _aMexico :
_bTrillas,
_c2009.
300 _a224 páginas :
_bilustraciones ;
_c23centímetros
336 _atext
_2rdacontent
337 _aunmediated
_2rdamedia
338 _avolume
_2rdacarrier
504 _aIncluye bibliografía.
505 0 _aEl lenguaje de la ciencia -- Lógica e investigación científica -- Planteamiento y formulación del problema científico -- Las hipótesis científicas -- Selección del diseño de investigación -- Errores de diseño o errores metodológicos -- Métodos de recolección de información -- La medición en las ciencias sociales y en la psicología -- Procesamiento y análisis de los datos -- Ética e investigación -- El informe y/o proyecto de investigación.
526 _aSEG68
526 _aSEG70
526 _aSEG69
526 _aSEG67
526 _aSEG43
526 _aP144
526 _aP143
526 _aP131
526 _aP122
526 _aP120
526 _aP117
526 _aP112
526 _aP110
526 _aP106
526 _aP101
526 _aP80
526 _aP59
526 _aP54
526 _aP35
526 _aP33
526 _aP30
541 _g001-001047;
541 _g0013416;
650 0 4 _aInvestigación psicológica.
910 _agl
_bjck
_clch
_d20120321
942 _2ddc
_cBOOK
949 _aPGE 150.72 G25
_wDEWEY
_c1
_i62382
_lCCODEBUL1
_mBUL
_p31.00
_r0
_sY
_tBOOK
_u2015-7-6
_xSALUD
_PP57
_0COMPRA
_o.CIRCNOTE. No olvidar cambiar la fecha de devolución!!!!!!!
_o.STAFF. Colección Ciencias de la Salud
949 _aPGE 150.72 G25
_wDEWEY
_c2
_i64317
_lCCODEBUL1
_mBUL
_p30.00
_r0
_sY
_tBOOK
_u2015-7-6
_xSALUD
_PP57
_0COMPRA
_o.CIRCNOTE. No olvidar cambiar la fecha de devolución!!!!!!!
_o.STAFF. Colección Ciencias de la Salud
994 _aC0
_bPEPRU
596 _a1
999 _aPGE 150.72 G25
_wDEWEY
_c51408
_i62382
_f2021-11-3
_g5
_lCCODEBUL1
_mBUL
_p31.00
_r0
_sY
_tBOOK
_u2015-7-6
_xSALUD
_zUNKNOWN
_0COMPRA
_o.CIRCNOTE. No olvidar cambiar la fecha de devolución!!!!!!!
_o.STAFF. Colección Ciencias de la Salud
_d51408
999 _aPGE 150.72 G25
_wDEWEY
_c2
_i64317
_d2018-6-25
_f2021-11-3
_g5
_lCCODEBUL1
_mBUL
_p30.00
_q1
_r0
_sY
_tBOOK
_u2015-7-6
_xSALUD
_zUNKNOWN
_0COMPRA
_o.CIRCNOTE. No olvidar cambiar la fecha de devolución!!!!!!!
_o.STAFF. Colección Ciencias de la Salud
980 _81
_gALBERTO SANCHEZ Responsable de Automatización